MRICS raising the standards (Record no. 72568)
[ view plain ]
| 000 -LEADER | |
|---|---|
| fixed length control field | 01174cam a2200229 4500 |
| 001 - CONTROL NUMBER | |
| control field | WB3916-17 |
| 008 - FIXED-LENGTH DATA ELEMENTS--GENERAL INFORMATION | |
| fixed length control field | 030429n2003 000 0 eng u |
| 035 ## - SYSTEM CONTROL NUMBER | |
| System control number | (Sirsi) u122119 |
| 245 ## - TITLE STATEMENT | |
| Title | MRICS raising the standards |
| 260 ## - PUBLICATION, DISTRIBUTION, ETC. | |
| Date of publication, distribution, etc. | 2003 |
| 490 ## - SERIES STATEMENT | |
| Series statement | RICS Feature |
| Volume/sequential designation | 24 April 2003, (2) |
| 520 ## - SUMMARY, ETC. | |
| Summary, etc. | RICS launches new initatives to equip surveyors with business and management skills and a greater commitment to lifelong learning. These new programmes include enhanced APC/ATC competencies and a mandatory post-graduate business qualification. A web-based list of providers who offer post-graduate management qualifications is being developed and will be available later this year. The changes will effect chartered surveyors who qualify as MRICS after 1 September 2004. For the RICS feature: http://www.rics.org/ricscms/bin/show?class=Feature&template=/includes/showfeature.html&id=559 |
| 590 ## - LOCAL NOTE (RLIN) | |
| Local note | WB |
| 650 ## - SUBJECT ADDED ENTRY--TOPICAL TERM | |
| Topical term or geographic name entry element | ABOUT RICS-RICS MEMBERS |
| 650 ## - SUBJECT ADDED ENTRY--TOPICAL TERM | |
| Topical term or geographic name entry element | MRICS |
| 650 ## - SUBJECT ADDED ENTRY--TOPICAL TERM | |
| Topical term or geographic name entry element | MANAGEMENT-BUSINESS MANAGEMENT |
| 650 ## - SUBJECT ADDED ENTRY--TOPICAL TERM | |
| Topical term or geographic name entry element | APC |
| 9 (RLIN) | 6216 |
| 650 ## - SUBJECT ADDED ENTRY--TOPICAL TERM | |
| Topical term or geographic name entry element | POST-GRADUATE EDUCATION |
| 650 ## - SUBJECT ADDED ENTRY--TOPICAL TERM | |
| Topical term or geographic name entry element | LIFELONG LEARNING |
| 690 ## - LOCAL SUBJECT ADDED ENTRY--TOPICAL TERM (OCLC, RLIN) | |
| Topical term or geographic name as entry element | TRAINING AND CAREER DEVELOPMENT |
| 942 ## - ADDED ENTRY ELEMENTS (KOHA) | |
| Suppress in OPAC | 0 |
| Withdrawn status | Lost status | Source of classification or shelving scheme | Damaged status | Not for loan | Home library | Current library | Shelving location | Date acquired | Total Checkouts | Full call number | Barcode | Date last seen | Copy number | Price effective from | Koha item type |
|---|---|---|---|---|---|---|---|---|---|---|---|---|---|---|---|
| Dewey Decimal Classification | London | London | News article | 29/04/2003 | WB3916-17 | 122119-1001 | 06/08/2019 | 1 | 06/08/2019 | News article |